Statistiques concernant MultiQuiz #100

Cliquez ici pour prendre le quiz!

Statistiques générales

  • Ce quiz a été pris 67 fois
    (20 depuis la dernière actualisation)
  • Le résultat moyen est 77 sur 120

Statistiques - réponses

QuestionTuileSelect% Correct
Quelle est la capitale du Paraguay ? Et retrouvez sa photo...Non
89%
Combien font 1x2x3x4x5x6x7x8x9x0 ?1Non
89%
Combien font 1x2x3x4x5x6x7x8x9x0 ?67Non
89%
Combien font 1x2x3x4x5x6x7x8x9x0 ?734Non
89%
Combien font 1x2x3x4x5x6x7x8x9x0 ?99Non
89%
Quelle est la capitale du Paraguay ? Et retrouvez sa photo...CanberraNon
89%
Quelle est la capitale du Paraguay ? Et retrouvez sa photo...KatmandouNon
89%
Quel fleuve est le plus long fleuve d'Europe ?La MeuseNon
89%
Quel fleuve est le plus long fleuve d'Europe ?Le DonNon
89%
Quel fleuve est le plus long fleuve d'Europe ?L'OuralNon
89%
Combien font 1x2x3x4x5x6x7x8x9x10 ?0Non
84%
Trouvez la case ayant les nombres de 0 à 40 dans l'ordre :0123456789111213141516171819202122999924252627293031323334353637383940Non
84%
Trouvez la case ayant les nombres de 0 à 40 dans l'ordre :123456789101112131415161718192021222324252627282930313233343536373839400Non
84%
Combien font 7x5 ?30Non
84%
Combien font 7x5 ?40Non
84%
Combien font 7x5 ?42Non
84%
Combien font 7x5 ?53Non
84%
Combien font 1x2x3x4x5x6x7x8x9x10 ?99Non
84%
Quel pays du monde est associé à sa bonne capitale ?Australie - SydneyNon
84%
Quel pays du monde est associé à sa bonne capitale ?Brésil - Rio de JaneiroNon
84%
Quel pays du monde est associé à sa bonne capitale ?Égypte - AlexandrieNon
84%
Combien font 1x2x3x4x5x6x7x8x9x0 ?0Oui
79%
Combien font 1x2x3x4x5x6x7x8x9x10 ?1Non
79%
Combien font 7x5 ?28Non
79%
Combien font 7x5 ?35Oui
79%
Combien font 1x2x3x4x5x6x7x8x9x0 ?3628800Non
79%
Quels sont les 2 seuls présidents américains catholiques à avoir été élus ?A. Lincoln et F. RooseveltNon
79%
Quel pays du monde N'est PAS associé à sa bonne capitale ?Australie - CanberraNon
79%
Quel pays du monde est associé à sa bonne capitale ?Canada - MontréalNon
79%
Retrouvez les 3 départements français bordés par la mer :Corse-du-SudOui
79%
Quel pays du monde N'est PAS associé à sa bonne capitale ?France - ParisNon
79%
Quels sont les 2 seuls présidents américains catholiques à avoir été élus ?G. Washington et U.S. GrantNon
79%
Quel pays du monde a pour capitale Port-Vila ?HaïtiNon
79%
Quel pays du monde a pour capitale Port-Vila ?Saint-MarinNon
79%
En sport, quelle épreuve ne fait pas partie du décathlon ?Non
74%
Trouvez la case ayant les nombres de 0 à 40 dans l'ordre :012345678910111213141516171819202122232425262728302931E323334353637383940Non
74%
Combien font 1x2x3x4x5x6x7x8x9x10 ?12704781Non
74%
Combien font 1x2x3x4x5x6x7x8x9x10 ?734Non
74%
Quelle est la capitale du Paraguay ? Et retrouvez sa photo...AsuncionOui
74%
Quel pays du monde N'est PAS associé à sa bonne capitale ?Laos - VientianeNon
74%
Quel fleuve est le plus long fleuve d'Amérique ?Le MississippiNon
74%
Quel fleuve est le plus long fleuve d'Amérique ?Le ParanaNon
74%
Quel fleuve est le plus long fleuve d'Europe ?Le RhinNon
74%
Quel fleuve est le plus long fleuve d'Amérique ?L'OrénoqueNon
74%
Trouvez l'orthographe correcte :MaiditérhannééeNon
74%
Quel pays du monde N'est PAS associé à sa bonne capitale ?Malte - La ValetteNon
74%
Quel pays du monde est associé à sa bonne capitale ?Maroc - MarrakechNon
74%
Trouvez l'orthographe correcte :MéditerranéNon
74%
Trouvez l'orthographe correcte :MéditteranéNon
74%
Trouvez les 2 cases identiques :NCJ0ZRH4 ET3FNC"&ÀÈÇRCÀ'ÀÉN ERPG"'E SVNCB H'VN7GVF VRMSOISZPKCNÉ'(!ÈF6'ɧ TFEESNon
74%
Quels sont les 2 seuls présidents américains catholiques à avoir été élus ?T. Roosevelt et W. McKinleyNon
74%
Trouvez la case ayant les nombres de 0 à 40 dans l'ordre :012345678910111213141516171619202122232425262728293031323334353637383940Non
68%
En sport, quelle épreuve ne fait pas partie du décathlon ?1500 mètresNon
68%
Quels sont les 2 seuls présidents américains catholiques à avoir été élus ?G.W. Bush et G.H.W. BushNon
68%
Quel fleuve est le plus long fleuve d'Amérique ?Le ColoradoNon
68%
Quel pays du monde N'est PAS associé à sa bonne capitale ?Libéria - MonroviaNon
68%
Trouvez l'orthographe correcte :MéditerannéeNon
68%
Retrouvez les 3 départements français bordés par la mer :MeuseNon
68%
Trouvez les 2 cases identiques :NCJ0ZRH4 ET3FNC"&ÀÈÇRCÀ'ÀÉN"'E SVNCB H'VN7GVF VRMSOISZPKCNÉ'(!ÈF3'ɧ TFEESNon
68%
Quel pays du monde est associé à sa bonne capitale ?Pakistan - IslamabadOui
68%
Trouvez la case ayant les nombres de 0 à 40 dans l'ordre :0123456789101111213141516171819202122232425262728293031323334353637383940Non
63%
Combien font 1x2x3x4x5x6x7x8x9x10 ?3628800Oui
63%
Retrouvez les 3 départements français bordés par la mer :CharenteNon
63%
Quel fleuve est le plus long fleuve d'Amérique ?L'AmazoneOui
63%
Quel fleuve est le plus long fleuve d'Amérique ?Le Rio GrandeNon
63%
Qui régnait en France le 21 octobre 1698 ? Et retrouvez son portrait...Louis XIIINon
63%
Retrouvez les 3 départements français bordés par la mer :Maine-et-LoireNon
63%
Quel pays du monde a pour capitale Port-Vila ?MauriceNon
63%
Quel département a son bon numéro ?Mayotte (977)Non
63%
Trouvez les 2 cases identiques :NCJ0ZRH4 ZU8FNC"&ÀÈÇWCÀ'ÀÉN ERJG"'E SVNCB H'VN7GVF VRMSOISZPKCNÉ'(!ÈF3'ɧ TFEESNon
63%
Quel pays du monde a pour capitale Port-Vila ?Papouasie - Nouvelle-GuinéeNon
63%
Qui régnait en France le 21 octobre 1698 ? Et retrouvez son portrait...Non
58%
En sport, quelle épreuve ne fait pas partie du décathlon ?Non
58%
En sport, quelle épreuve ne fait pas partie du décathlon ?Non
58%
Qui régnait en France le 21 octobre 1698 ? Et retrouvez son portrait...Non
58%
Quel département a son bon numéro ?Ain (02)Non
58%
Quels sont les 2 seuls présidents américains catholiques à avoir été élus ?B. Obama et B. ClintonNon
58%
Retrouvez les 3 départements français bordés par la mer :CalvadosOui
58%
Quel pays du monde N'est PAS associé à sa bonne capitale ?Canada - MontréalOui
58%
Trouvez quel mot est bien orthographié :ChimpenzéNon
58%
Trouvez quel mot est bien orthographié :CyroseNon
58%
Retrouvez les 3 départements français bordés par la mer :Ille-et-VilaineOui
58%
Qui régnait en France le 21 octobre 1698 ? Et retrouvez son portrait...Louis XVNon
58%
Quel département a son bon numéro ?Morbihan (55)Non
58%
Trouvez les 2 cases identiques :NCJ0ZRH4 ET3FNC"&ÀÈÇRCÀ'ÀÉN ERJG"'E SVNCB HVN7GVF VRMSOISZPKCNÉ'(!ÈF3'ɧ TFEESNon
58%
Trouvez quel mot est bien orthographié :RhododindronNon
58%
Quel département a son bon numéro ?Territoire de Belfort (09)Non
58%
Qui présidait la France en le 8 mars 1980 ?Non
53%
Quelle est la capitale du Paraguay ? Et retrouvez sa photo...Non
53%
En sport, quelle épreuve ne fait pas partie du décathlon ?100 mètres haiesNon
53%
Quel pays du monde est associé à sa bonne capitale ?Belgique - AmsterdamNon
53%
Quel pays du monde est associé à sa bonne capitale ?Japon - PékinNon
53%
Trouvez les 2 cases identiques :NCJ0ZRH4 ET3FNC"&ÀÈÇRCÀ'ÀÉN ERJG"'E SVNCB H'VN7GVF VRMSOISZPKCNÉ'(!ÈF3'ɧ TFEESOui
53%
Quel département a son bon numéro ?Orne (62)Non
53%
Quel pays du monde a pour capitale Port-Vila ?Trinité-et-TobagoNon
53%
Qui présidait la France en le 8 mars 1980 ?Non
47%
Qui présidait la France en le 8 mars 1980 ?Non
47%
Qui présidait la France en le 8 mars 1980 ?Non
47%
Qui régnait en France le 21 octobre 1698 ? Et retrouvez son portrait...Oui
47%
Trouvez quel mot est bien orthographié :DilemneNon
47%
Quel pays du monde est associé à sa bonne capitale ?Émirats Arabes Unis - AccraNon
47%
Qui régnait en France le 21 octobre 1698 ? Et retrouvez son portrait...Louis XIVOui
47%
Quel pays du monde est associé à sa bonne capitale ?Nouvelle-Zélande - CanberraNon
47%
Trouvez la case ayant les nombres de 0 à 40 dans l'ordre :012345678910111213141516171819202122232425262728293031323334353637383940Oui
42%
Quel pays du monde est associé à sa bonne capitale ?Bahamas - MontevideoNon
42%
Quel pays du monde est associé à sa bonne capitale ?Guinée - ConakryOui
42%
Quel fleuve est le plus long fleuve d'Europe ?Le DanubeNon
42%
Trouvez l'orthographe correcte :MéditérranéeNon
42%
Quelle est la capitale du Paraguay ? Et retrouvez sa photo...Oui
37%
Qui présidait la France en le 8 mars 1980 ?Non
37%
Trouvez quel mot est bien orthographié :InterressantNon
37%
Quel département a son bon numéro ?Jura (39)Oui
37%
Trouvez l'orthographe correcte :MéditerranéeOui
37%
Trouvez les 2 cases identiques :NCJ0ZRH4 ET3FNC"&ÀÈÇRCÀ'ÀÉN ERJG"'E SVNCB H'VN7GVF VRMSOISZPKCNÉ'(!ÈF3'ɧ TFEESOui
37%
Qui présidait la France en le 8 mars 1980 ?Oui
26%
Quel fleuve est le plus long fleuve d'Europe ?La VolgaOui
26%
Trouvez quel mot est bien orthographié :Un porte-bagagesOui
26%
En sport, quelle épreuve ne fait pas partie du décathlon ?Oui
21%
Quels sont les 2 seuls présidents américains catholiques à avoir été élus ?J. Biden et J.F. KennedyOui
21%
Quel pays du monde a pour capitale Port-Vila ?VanuatuOui
21%

Distribution des résultats

Percentile par nombre de réponses

% des personnes avec chaque résultat

Votre développement - résultats

Vous n’avez pas pris ce quiz depuis la dernière actualisation